000 00443nam a2200157Ia 4500
008 210716s2011 xx 000 0 und d
020 _a9788126531011
041 _aeng
082 _a004.602 FIRM
100 _aPearce, James.
245 _aProfessional mobile web development with wordpress joomla and drupal.
250 _a1
260 _aNew Delhi
_bWiley India Pvt Ltd
_c2011
300 _axxix,520
650 _aWeb Design & Development
999 _c191936
_d191936